| 000 | 02878ncm0a2200469 4500 | ||
|---|---|---|---|
| 001 | RU\NLR\ONIZ\298266 | ||
| 005 | 20260215045238.0 | ||
| 035 | _a(NLR Aleph) 022722357 | ||
| 071 | 2 | 0 | _aA. 7975 G. |
| 090 |
_a13550524 _c13550524 |
||
| 100 | _a20230605d1900 u y0rusy50 ca | ||
| 101 | 0 | _arus | |
| 102 | _aRU | ||
| 125 | _aa| | ||
| 128 | _armc | ||
| 145 | 0 | _ac | |
| 200 | 1 |
_aЗабыты нежныя лобзанья _bНоты _eроманс _e[для среднего голоса с фортепиано] _fслова и музыка А. Ленина |
|
| 203 |
_aМузыка _bзнаковая _bвизуальная _cнепосредственная |
||
| 210 |
_aМосква _cА. Гутхейль _dценз. 1900 |
||
| 215 |
_a5 с. _cил. _d32 см |
||
| 225 | 1 | _aИздание А. Гутхейль | |
| 300 | _aНа тит. л. и перед нот. текстом: Посвящается А. Д. В-ой | ||
| 300 | _aНа тит. л. сведения о принадлежности романса серии "Цыганская песня": Цыг. пес. № 396 | ||
| 313 | _aСистематизация документа проведена по изданию - Методика классифицирования музыкальных произведений (нотных изданий) по таблицам Библиотечно-библиографических классификаций : метод. рекомендации / Гос. б-ка СССР им. В.И. Ленина.- М., 1977. Индексу ББК методических рекомендаций присваивается код ББК для научных библиотек - LBC/SL | ||
| 606 | 1 |
_aВокальная музыка русская _z19-20 вв. _jНоты _2nlr_sh |
|
| 606 | 1 |
_aМузыкальные произведения для среднего голоса с фортепиано _yРоссия _z19-20 вв. _jНоты _2nlr_sh |
|
| 606 | 1 |
_aРомансы для среднего голоса с фортепиано _yРоссия _z19-20 вв. _jНоты _2nlr_sh |
|
| 606 | 1 |
_aСалонные романсы русские _z19-20 вв. _jНоты _2nlr_sh |
|
| 686 | 0 | _aЩ943.2-42-043.3(28) | |
| 686 | 0 | _aЩ943.2-42-043.32(28) | |
| 700 | 1 |
_9z02790 _aЛенин _bА. В. _f1877-1947 _gАнатолий Васильевич _4230 _4520 _7ca |
|
| 702 | 1 |
_9z03790 _aВяльцева _bА. Д. _f1871-1913 _gАнастасия Дмитриевна _4280 _7ca |
|
| 790 | 1 |
_9z02700 _aLenin _bA. V. _f1877-1947 _gAnatolij Vasil`evič _4230 _4520 _7ba |
|
| 790 | 1 |
_9z03702 _aVjal`ceva _bA. D. _f1871-1913 _gAnastasija Dmitrievna _4280 _7ba |
|
| 801 | 0 |
_aRU _bNLR _c20230605 _gPSBO |
|
| 801 | 1 |
_aRU _bNLR _c20230605 _2rusmarc |
|
| 801 | 2 |
_aRU _bNLR _c20230605 |
|
| 852 |
_aNLR _gМ _jК-4/5552 _m270254 _t1 |
||
| 942 | _cSCORE | ||
| 980 | _aONIZ | ||
| 980 | _aNB | ||